[Event "World Blitz Women 2025"]
[Site "Doha QAT"]
[Date "2025.12.30"]
[Round "14.34"]
[White "Vaishali, Rameshbabu"]
[Black "Kirtadze, Anastasia"]
[Result "1-0"]
[WhiteTitle "GM"]
[BlackTitle "WIM"]
[WhiteElo "2473"]
[BlackElo "2281"]
[WhiteFideId "5091756"]
[BlackFideId "13622714"]
[EventDate "2025.12.29"]

1. Nf3 c5 2. g3 Nc6 3. Bg2 g6 4. O-O Bg7 5. e4 e6 6. c3 d5 7. exd5 exd5 8. d4
cxd4 9. Nxd4 Nxd4 10. cxd4 Ne7 11. Nc3 O-O 12. Re1 Be6 13. Bf4 Nc6 14. Be3 Qd7
15. Rc1 Rac8 16. Qd2 Rfe8 17. h4 h5 18. b3 Ne7 19. Bh6 Bh8 20. Bf4 Nc6 21. Be5
Nxe5 22. dxe5 d4 23. Na4 b6 24. Nb2 Bf5 25. f4 Bg7 26. Nc4 Bf8 27. Kh2 Bc5 28.
Be4 Bxe4 29. Rxe4 Qd5 30. Qd3 Red8 31. Rce1 Rc6 32. Rf1 b5 33. Nd2 Bb4 34. Nf3
Rc3 35. Qxd4 Rc2+ 36. Kh1 Qe6 37. Qxd8+ Kg7 38. Qf6+ 1-0

[Event "World Blitz Women 2025"]
[Site "Doha QAT"]
[Date "2025.12.30"]
[Round "14.35"]
[White "Gaboyan, Susanna"]
[Black "Vantika, Agrawal"]
[Result "1-0"]
[WhiteTitle "WIM"]
[BlackTitle "IM"]
[WhiteElo "2182"]
[BlackElo "2369"]
[WhiteFideId "13303627"]
[BlackFideId "25050389"]
[EventDate "2025.12.29"]

1. Nf3 Nf6 2. g3 d5 3. Bg2 c5 4. O-O e6 5. d3 Nc6 6. Nbd2 Be7 7. e4 O-O 8. Qe2
Qc7 9. Re1 b5 10. e5 Nd7 11. Nf1 a5 12. h4 h6 13. g4 Qd8 14. h5 f6 15. exf6 Nxf6
16. g5 hxg5 17. Nxg5 Nd4 18. Qd1 Nh7 19. Nxh7 Kxh7 20. c3 Nf5 21. Qg4 Qe8 22.
Bg5 Bxg5 23. Qxg5 Qf7 24. Re5 Bd7 25. Rae1 Rae8 26. Ng3 Nxg3 27. Qxg3 Qf6 28.
Bh3 b4 29. R1e2 Re7 30. Qe3 Ref7 31. Qxc5 Qh4 32. Bg2 Qg4 33. Qd4 Qxd4 34. cxd4
Rc8 35. Bh3 Rc1+ 36. Kg2 Rf4 37. Bxe6 Bxe6 38. Rxe6 Rxd4 39. Rg6 Rc7 40. Re3 Rh4
41. Rg5 d4 42. Ree5 a4 43. Rb5 a3 44. Rxb4 axb2 45. Rxb2 Kh6 46. Rbb5 Rc2 47.
Rg6+ Kh7 48. Rb7 Rf4 49. Rgxg7+ Kh6 50. Rh7+ Kg5 51. Rbg7+ Kh4 52. Kg1 Rcxf2 53.
Rg2 Rf1+ 54. Kh2 R4f3 55. Rb2 Rh3+ 56. Kg2 Rf4 57. h6 Rxd3 58. Rg7 Rh3 59. h7
Rf8 60. Rg8 Rxg8+ 61. hxg8=Q Re3 62. Qh7+ Kg5 63. Qg7+ Kf5 64. Qxd4 Re4 65.
Qxe4+ Kxe4 66. a4 1-0

[Event "World Blitz Women 2025"]
[Site "Doha QAT"]
[Date "2025.12.30"]
[Round "14.36"]
[White "Mkrtchyan, Mariam"]
[Black "Bodnaruk, Anastasia"]
[Result "1-0"]
[WhiteTitle "WIM"]
[BlackTitle "IM"]
[WhiteElo "2353"]
[BlackElo "2357"]
[WhiteFideId "13310828"]
[BlackFideId "4181751"]
[EventDate "2025.12.29"]

1. d4 Nf6 2. c4 g6 3. g3 Bg7 4. Bg2 O-O 5. Nc3 Nc6 6. e3 e5 7. Nge2 d6 8. O-O
Bd7 9. b3 Re8 10. Bb2 e4 11. a3 Bf5 12. b4 h5 13. b5 Na5 14. Qa4 c6 15. Rac1 Rc8
16. Nb1 d5 17. cxd5 cxd5 18. Rxc8 Bxc8 19. Nd2 Be6 20. Nf4 Bd7 21. Bc3 b6 22.
Bxa5 bxa5 23. Nb3 a6 24. Qxa5 Bxb5 25. Qxd8 Rxd8 26. Rc1 Bf8 27. Nc5 g5 28. Nh3
Nh7 29. Bf1 Ra8 30. a4 Bxf1 31. Kxf1 a5 32. Rb1 Rc8 33. Rb5 f6 34. Rxa5 Bd6 35.
Ng1 Nf8 36. Ne2 Bxc5 37. Rxc5 Ra8 38. Nc3 Ne6 39. Rxd5 Kf7 40. Rd7+ Kg6 41. Ke2
Rb8 42. Rd6 Kf5 43. Rd5+ Kg6 44. Nxe4 Rb2+ 45. Kf3 Ra2 46. a5 f5 47. Nc3 Ra3 48.
Rd6 Kf7 49. Nd5 Nxd4+ 50. Kg2 Nb5 51. Rf6+ Kg7 52. Rxf5 Rxa5 53. Rxg5+ Kh6 54.
h4 Ra2 55. Nf4 Nc3 56. Rxh5+ Kg7 57. Rg5+ Kh6 58. Rg6+ Kh7 59. Rd6 Ne4 60. Rd7+
Kh6 61. Nd3 Rd2 62. g4 Ra2 63. Rd4 Nd2 64. Rd6+ Kg7 65. h5 Ne4 66. Rg6+ Kh7 67.
Kf3 Nd2+ 68. Kf4 Ra4+ 69. Kf5 Nf3 70. Rb6 Nh4+ 71. Kg5 Nf3+ 72. Kf6 Kh6 73. Nf4
Nh2 74. g5+ Kh7 75. Kf7 Ra8 76. Rb7 Ng4 77. f3 Ne5+ 78. Kf6+ Kg8 79. Kxe5 Re8+
80. Ne6 Kh8 81. h6 Rg8 82. Kf6 Re8 83. Re7 Rc8 84. Rf7 Kg8 85. Rf8+ 1-0

[Event "World Blitz Women 2025"]
[Site "Doha QAT"]
[Date "2025.12.30"]
[Round "14.37"]
[White "Kiolbasa, Oliwia"]
[Black "Girya, Olga"]
[Result "1-0"]
[WhiteTitle "IM"]
[BlackTitle "GM"]
[WhiteElo "2397"]
[BlackElo "2398"]
[WhiteFideId "1154613"]
[BlackFideId "4195752"]
[EventDate "2025.12.29"]

1. e4 e5 2. Nf3 Nc6 3. Nc3 Nf6 4. h3 Bb4 5. a3 Bxc3 6. dxc3 d6 7. Bd3 h6 8. Qe2
Be6 9. Be3 Qd7 10. O-O-O O-O-O 11. Bb5 Qe8 12. Bxa7 b6 13. Ba6+ Kd7 14. Nxe5+
Nxe5 15. Bb5+ c6 16. f4 cxb5 17. fxe5 Nxe4 18. Qxe4 d5 19. Bxb6 Rb8 20. Rxd5+
Bxd5 21. Qxd5+ Kc8 22. Qc5+ Kd7 23. Qd6+ 1-0

[Event "World Blitz Women 2025"]
[Site "Doha QAT"]
[Date "2025.12.30"]
[Round "14.38"]
[White "Bivol, Alina"]
[Black "Priyanka, Nutakki"]
[Result "1-0"]
[WhiteTitle "IM"]
[BlackTitle "WGM"]
[WhiteElo "2360"]
[BlackElo "2292"]
[WhiteFideId "4100123"]
[BlackFideId "25049615"]
[EventDate "2025.12.29"]

1. e4 e6 2. d4 d5 3. Nc3 Nf6 4. Bg5 Be7 5. e5 Nfd7 6. Bxe7 Qxe7 7. Nf3 a6 8. Bd3
c5 9. dxc5 Nc6 10. Na4 Nxc5 11. Nxc5 Qxc5 12. O-O h6 13. Re1 Bd7 14. c3 O-O 15.
Qd2 Ne7 16. Qf4 Bb5 17. Bc2 Qc4 18. Qg3 Rac8 19. a4 Bd7 20. Rad1 Nf5 21. Bxf5
exf5 22. Rd4 Qc5 23. h4 b5 24. axb5 Qxb5 25. Rb4 Qc5 26. Rd1 Rfe8 27. h5 Be6 28.
Qf4 a5 29. Rbd4 Rb8 30. R1d2 Rb7 31. Nh4 Reb8 32. Nxf5 Rxb2 33. Rxb2 Rxb2 34.
Qg4 Bxf5 35. Qxf5 Qxc3 36. Rxd5 Rb8 37. Rd7 Qc4 38. g3 a4 39. Ra7 Rd8 40. Kh2
Rf8 41. Qf4 Qxf4 42. gxf4 Rc8 43. Rxa4 Rc2 44. Kg3 Rc3+ 45. f3 Rc1 46. f5 Rc5
47. Kf4 Rc8 48. e6 fxe6 49. fxe6 Kf8 50. Ra7 Rc5 51. Rf7+ Kg8 52. Rf5 Rc7 53.
Ke4 Ra7 54. Rd5 Ra1 55. Ke5 Kf8 56. Rd8+ Ke7 57. Rd7+ Kf8 58. Rf7+ Kg8 59. Rc7
Kf8 60. f4 Ra4 61. f5 Ra5+ 62. Kd6 Ra6+ 63. Kd7 Kg8 64. e7 1-0

[Event "World Blitz Women 2025"]
[Site "Doha QAT"]
[Date "2025.12.30"]
[Round "14.39"]
[White "Khotenashvili, Bella"]
[Black "Ismayil, Malak"]
[Result "0-1"]
[WhiteTitle "GM"]
[BlackTitle "WIM"]
[WhiteElo "2426"]
[BlackElo "2138"]
[WhiteFideId "13602640"]
[BlackFideId "13412604"]
[EventDate "2025.12.29"]

1. Nf3 Nf6 2. g3 d5 3. Bg2 g6 4. O-O Bg7 5. d4 O-O 6. a4 c5 7. c3 cxd4 8. cxd4
Nc6 9. Bf4 Qb6 10. Nc3 a6 11. b3 Bf5 12. e3 Rac8 13. Nh4 Be6 14. Rc1 Na5 15. Ne2
Qxb3 16. Qxb3 Nxb3 17. Rxc8 Rxc8 18. Rb1 Na5 19. Be5 Rc4 20. Nf4 g5 21. Nxe6
fxe6 22. Nf3 h6 23. Bf1 Rxa4 24. Nd2 b5 25. Rc1 Nc4 26. Nb3 Kf7 27. Nc5 Ra2 28.
Bd3 Ng4 29. Bc7 Bf6 30. Rf1 Nd2 31. h3 Nxf1 32. hxg4 Nd2 33. Kg2 Nc4 34. Kf3 b4
35. e4 Bxd4 36. Nb3 Rxf2# 0-1

[Event "World Blitz Women 2025"]
[Site "Doha QAT"]
[Date "2025.12.30"]
[Round "14.40"]
[White "Toncheva, Nadya"]
[Black "Dzagnidze, Nana"]
[Result "1/2-1/2"]
[WhiteTitle "FM"]
[BlackTitle "GM"]
[WhiteElo "2362"]
[BlackElo "2469"]
[WhiteFideId "2924056"]
[BlackFideId "13601903"]
[EventDate "2025.12.29"]

1. e4 c5 2. c3 d5 3. exd5 Qxd5 4. Nf3 Nf6 5. d4 e6 6. Na3 Nc6 7. Be3 cxd4 8. Nb5
Qd8 9. Nbxd4 Bd7 10. Nxc6 Bxc6 11. Ne5 Qc7 12. Nxc6 Qxc6 13. Qb3 a6 14. O-O-O
Bc5 15. Bxc5 Qxc5 16. Bd3 O-O 17. Qc2 b5 18. g4 b4 19. c4 Nxg4 20. Bxh7+ Kh8 21.
Rhg1 Nf6 22. Bd3 Rfd8 23. Rg3 Rd4 24. b3 Rad8 25. Rdg1 Qe5 26. Qd2 Rf4 27. Rxg7
Qa1+ 28. Kc2 Qxa2+ 29. Kd1 Qxd2+ 30. Kxd2 Rf3 31. Rxf7 Rfxd3+ 32. Ke2 Rd2+ 33.
Kf3 Ng8 34. Rgg7 Nf6 35. Rg6 R8d3+ 1/2-1/2

[Event "World Blitz Women 2025"]
[Site "Doha QAT"]
[Date "2025.12.30"]
[Round "14.41"]
[White "Zhu, Chen"]
[Black "Fataliyeva, Ulviyya"]
[Result "0-1"]
[WhiteTitle "GM"]
[BlackTitle "IM"]
[WhiteElo "2423"]
[BlackElo "2434"]
[WhiteFideId "8600546"]
[BlackFideId "13403052"]
[EventDate "2025.12.29"]

1. c4 Nf6 2. Nc3 e5 3. e4 Nc6 4. g3 Bb4 5. Nge2 d6 6. Bg2 Bg4 7. h3 Bxe2 8. Nxe2
a5 9. O-O Bc5 10. d3 Nd4 11. Kh2 Qe7 12. Rb1 h5 13. Nxd4 Bxd4 14. Bg5 Ng4+ 15.
Qxg4 hxg4 16. Bxe7 Kxe7 17. f3 gxh3 18. Bxh3 a4 19. Kg2 Ra6 20. Rfe1 Rb8 21.
Rec1 Kd8 22. Rc2 b5 23. f4 bxc4 24. dxc4 Rab6 25. fxe5 dxe5 26. Bg4 Bxb2 27. c5
Rb4 28. Bf3 Bd4 29. Rxb4 Rxb4 30. c6 Ke7 31. Bg4 Bb6 32. Bf3 Kd6 33. Kh3 Bc5 34.
Bd1 Kxc6 35. Re2 Kb5 36. Kg4 Bd4 37. Rc2 c5 38. Kf5 Rb2 39. Rxb2+ Bxb2 40. Bh5
g6+ 41. Bxg6 fxg6+ 42. Kxg6 Kc4 43. Kf5 Kd4 44. g4 Bc1 0-1

[Event "World Blitz Women 2025"]
[Site "Doha QAT"]
[Date "2025.12.30"]
[Round "14.42"]
[White "Rudzinska, Michalina"]
[Black "Bayasgalan, Khishigbaatar"]
[Result "0-1"]
[WhiteTitle "WGM"]
[BlackTitle "WCM"]
[WhiteElo "2206"]
[BlackElo "2249"]
[WhiteFideId "1172883"]
[BlackFideId "4904311"]
[EventDate "2025.12.29"]

1. e4 c5 2. Nf3 d6 3. d4 cxd4 4. Nxd4 Nf6 5. Nc3 a6 6. Bc4 b5 7. Bd5 Nxd5 8.
exd5 g6 9. O-O Bg7 10. Re1 O-O 11. Bg5 Ra7 12. a3 h6 13. Bh4 g5 14. Bg3 Qb6 15.
Nce2 e5 16. dxe6 fxe6 17. h4 e5 18. Nb3 g4 19. Qd5+ Kh8 20. Rad1 Rf6 21. Nc3
Raf7 22. Ne4 Bb7 23. Qd2 Bxe4 24. Rxe4 Nc6 25. Rxg4 Ne7 26. Qe3 Qc6 27. Qe4 Qb6
28. Qa8+ Rf8 29. Qe4 Nf5 30. Kh2 h5 31. Rg5 Bh6 32. Rxh5 Ng7 33. Rxh6+ Rxh6 34.
Nd2 Nf5 35. Nf3 Nxg3 36. fxg3 Qf2 37. Rd2 Qa7 38. Qg4 Rg8 39. Qe4 Qg7 40. Kg1
Qxg3 41. Ng5 Rxh4 42. Nf7+ Kg7 43. Qd5 Qe1# 0-1

[Event "World Blitz Women 2025"]
[Site "Doha QAT"]
[Date "2025.12.30"]
[Round "14.43"]
[White "Chen, Yining"]
[Black "Gu, Xiaobing"]
[Result "1-0"]
[WhiteTitle "FM"]
[BlackTitle "WGM"]
[WhiteElo "2278"]
[BlackElo "2106"]
[WhiteFideId "8620946"]
[BlackFideId "8602611"]
[EventDate "2025.12.29"]

1. d4 Nf6 2. Nf3 g6 3. c4 Bg7 4. Nc3 d6 5. e4 O-O 6. Be2 e5 7. Be3 Na6 8. O-O c6
9. d5 Ng4 10. Bg5 f6 11. Bc1 c5 12. Kh1 Bh6 13. Ne1 Bxc1 14. Rxc1 Nh6 15. Nd3 f5
16. f4 fxe4 17. Nxe4 Nf5 18. Qd2 exf4 19. Nxf4 Nd4 20. Ne6 Bxe6 21. dxe6 Qe7 22.
Bg4 Nc7 23. Nc3 Ncxe6 24. Rfe1 Qf7 25. Nb5 Rad8 26. h3 a6 27. Nc3 Qf2 28. Bxe6+
Kg7 29. Qxf2 Rxf2 30. Bd5 Rxb2 31. Re7+ Kh6 32. Rxb7 Rf2 33. Ne4 Rxa2 34. Rf1
Nf5 35. g4 Ne3 36. g5+ Kh5 37. Rxh7# 1-0

[Event "World Blitz Women 2025"]
[Site "Doha QAT"]
[Date "2025.12.30"]
[Round "14.44"]
[White "Shubenkova, Veronika"]
[Black "Krush, Irina"]
[Result "0-1"]
[WhiteTitle "WFM"]
[BlackTitle "GM"]
[WhiteElo "2013"]
[BlackElo "2402"]
[WhiteFideId "44124040"]
[BlackFideId "2012782"]
[EventDate "2025.12.29"]

1. d4 g6 2. c4 Bg7 3. Nc3 c5 4. e3 Nf6 5. Nf3 cxd4 6. exd4 d5 7. cxd5 Nxd5 8.
Bc4 Nxc3 9. bxc3 O-O 10. O-O Qc7 11. Qb3 Nc6 12. Be2 Be6 13. Qa3 Na5 14. Re1
Rfe8 15. Bf4 Qxf4 16. Qxa5 b6 17. Qb5 Qc7 18. Rac1 a6 19. Qb2 b5 20. Ng5 Bd5 21.
Bf3 Qc6 22. Bxd5 Qxd5 23. Nf3 Rac8 24. Re3 e6 25. Ra1 Rc4 26. Nd2 Rxd4 27. cxd4
Bxd4 28. Qc1 Bxa1 29. Ne4 Bg7 30. Re1 Qxa2 31. Qc6 Rd8 32. Qc7 Qd5 33. Ng5 Qxg5 0-1

[Event "World Blitz Women 2025"]
[Site "Doha QAT"]
[Date "2025.12.30"]
[Round "14.45"]
[White "Cori T., Deysi"]
[Black "Yakimova, Mariya"]
[Result "0-1"]
[WhiteTitle "IM"]
[BlackTitle "WFM"]
[WhiteElo "2349"]
[BlackElo "2241"]
[WhiteFideId "3801934"]
[BlackFideId "34188859"]
[EventDate "2025.12.29"]

1. d4 d5 2. Nf3 Nf6 3. g3 e6 4. Bg2 Bd6 5. O-O h6 6. Nbd2 O-O 7. a3 a5 8. b3 c5
9. Bb2 Nc6 10. dxc5 Bxc5 11. c4 d4 12. Qc2 e5 13. Rfd1 Qc7 14. Nh4 Re8 15. Ne4
Nxe4 16. Bxe4 Bf8 17. Rac1 Ra6 18. c5 Rd8 19. Bd3 Ra8 20. Bc4 Bxc5 21. Rd3 e4
22. Rdd1 Qe5 23. Bxf7+ Kxf7 24. Qxc5 g5 25. Qxe5 Nxe5 26. Rc7+ Kg8 27. Rxd4 Bh3
28. f4 gxh4 29. fxe5 Rf8 30. Rd1 Be6 31. Rd6 0-1

[Event "World Blitz Women 2025"]
[Site "Doha QAT"]
[Date "2025.12.30"]
[Round "14.46"]
[White "Shvedova, Alexandra"]
[Black "Preobrazhenskaya, Diana"]
[Result "1/2-1/2"]
[WhiteTitle "WIM"]
[BlackTitle "WFM"]
[WhiteElo "2255"]
[BlackElo "2131"]
[WhiteFideId "54154782"]
[BlackFideId "34270566"]
[EventDate "2025.12.29"]

1. e4 c5 2. Ne2 d5 3. exd5 Qxd5 4. Nbc3 Qd8 5. g3 Nc6 6. Bg2 Nf6 7. d3 e6 8. O-O
Be7 9. Ne4 Nxe4 10. Bxe4 O-O 11. Be3 e5 12. Nc3 Be6 13. Bg2 Rc8 14. Ne4 Nd4 15.
Nc3 b6 16. a4 Qd7 17. f4 Bg4 18. Qd2 exf4 19. Bxf4 Rfe8 20. Ne4 Ne2+ 21. Kh1
Nxf4 22. Qxf4 Be6 23. b3 h6 24. Rae1 Rf8 25. Rf2 Qd4 26. Rfe2 Qd7 27. Bf3 Rce8
28. Bg2 Bg4 29. Re3 Be6 30. Qf2 Bd5 31. Bf3 f5 32. Nd2 Bxf3+ 33. Nxf3 Bf6 34.
Kg1 Kh7 35. Ne5 Bxe5 36. Rxe5 Rxe5 37. Rxe5 Qf7 38. Qf4 Qf6 39. Qe3 Qg6 40. Re6
Qg4 41. Qf2 f4 42. Re4 Qd1+ 43. Re1 Qh5 44. gxf4 Qg4+ 45. Qg3 Rxf4 46. Qxg4
Rxg4+ 47. Kf2 Rf4+ 48. Kg3 Rf7 49. Re6 Rd7 50. Kf3 Kg8 51. Ke3 Kf7 52. Rc6 Re7+
53. Kf2 h5 54. a5 Rb7 55. axb6 axb6 56. Kf3 Kg8 57. Ke4 Re7+ 58. Kf3 Rf7+ 59.
Ke3 Re7+ 60. Kd2 Rf7 61. Rxb6 Rf2+ 62. Ke3 Rxc2 63. h4 Rh2 64. Rb5 Rh3+ 65. Ke2
Rxh4 66. Rxc5 Rh2+ 67. Kf3 h4 68. b4 Rb2 69. b5 h3 70. Rh5 h2 71. Kg3 Rxb5 72.
Rxh2 Rb3 73. Rd2 Kf7 74. Kg4 Ke6 75. d4 Kd5 76. Kg5 Rg3+ 77. Kf4 Rg6 78. Kf5 Re6 1/2-1/2

[Event "World Blitz Women 2025"]
[Site "Doha QAT"]
[Date "2025.12.30"]
[Round "14.47"]
[White "Atalik, Ekaterina"]
[Black "Mikheeva, Galina"]
[Result "1-0"]
[WhiteTitle "IM"]
[BlackTitle "FM"]
[WhiteElo "2349"]
[BlackElo "2122"]
[WhiteFideId "4130189"]
[BlackFideId "44108320"]
[EventDate "2025.12.29"]

1. c4 e6 2. Nf3 d5 3. e3 Nf6 4. b3 c5 5. Bb2 Nc6 6. cxd5 exd5 7. Be2 Be6 8. d4
Be7 9. dxc5 Bxc5 10. O-O O-O 11. Nc3 a6 12. h3 Rc8 13. Rc1 Ba7 14. Qd2 d4 15.
exd4 Nxd4 16. Nxd4 Qxd4 17. Qxd4 Bxd4 18. Na4 Bxb2 19. Nxb2 Bd5 20. Nc4 Rcd8 21.
Ne3 Be4 22. Bc4 b5 23. Be2 Rd2 24. Rfe1 Rxa2 25. Ra1 Rb2 26. Rxa6 Rxb3 27. Rb6
b4 28. Bc4 Rb2 29. Ng4 Nxg4 30. hxg4 Bc2 31. Re7 Bg6 32. f4 Rb1+ 33. Kh2 h5 34.
f5 Rc1 35. Bd5 Rc5 36. Bb3 Rc3 37. Rxb4 Bh7 38. Rxf7 Rcc8 39. Rxf8+ Kxf8 40.
gxh5 Ke7 41. g4 Rc7 42. Rb6 Rd7 43. Kg3 Rd3+ 44. Kh4 Rd7 45. Kg5 Rc7 46. Be6 Ra7
47. h6 gxh6+ 48. Kxh6 Kf6 49. g5+ Ke5 50. g6 Bxg6 51. Kxg6 Ra1 52. Rb2 Rg1+ 53.
Kf7 Ra1 54. Re2+ Kd6 55. f6 Ra7+ 56. Kg6 Ra3 57. Bg4 Ra8 58. f7 Rf8 59. Kg7 1-0

[Event "World Blitz Women 2025"]
[Site "Doha QAT"]
[Date "2025.12.30"]
[Round "14.48"]
[White "Jarocka, Liwia"]
[Black "Balajayeva, Khanim"]
[Result "1-0"]
[WhiteTitle "FM"]
[BlackTitle "IM"]
[WhiteElo "2258"]
[BlackElo "2351"]
[WhiteFideId "21807558"]
[BlackFideId "13406396"]
[EventDate "2025.12.29"]

1. e4 e5 2. Nf3 Nc6 3. Bc4 Nf6 4. d3 Bc5 5. Nc3 d6 6. Na4 a6 7. Nxc5 dxc5 8. h3
h6 9. a4 Qe7 10. O-O Be6 11. Nd2 O-O 12. Bxe6 Qxe6 13. Nc4 Rad8 14. Qe1 Nd4 15.
Ne3 Nh7 16. Bd2 Ng5 17. f4 exf4 18. Rxf4 Qg6 19. Kh1 Qh5 20. Rh4 Qg6 21. Bc3
Nge6 22. Rg4 Qh5 23. Bxd4 cxd4 24. Nf5 Kh7 25. Qg3 Rg8 26. Rf1 g5 27. Ne7 Rg7
28. Nd5 Kh8 29. Qe5 c6 30. Ne7 Kh7 31. Nf5 Rgg8 32. Rg3 Rd7 33. Nd6 Qg6 34. Nf5
Qh5 35. Rgf3 Nf4 36. Ng3 Qg6 37. Qf5 Qxf5 38. Nxf5 b5 39. axb5 cxb5 40. g3 Nxh3
41. Ra1 g4 42. Rff1 Rg6 43. e5 Rc6 44. Nd6 Kg7 45. c3 dxc3 46. bxc3 Rxc3 47.
Rxa6 Rxd3 48. Nf5+ Kg8 49. Nxh6+ Kg7 50. Nxg4 Rxg3 51. Nf6 Rd2 52. Nh5+ Kg8 53.
Nxg3 Nf2+ 54. Kg2 Nd3+ 55. Kh3 Nxe5 56. Ra8+ Kg7 57. Nf5+ Kh7 58. Rb8 Rd3+ 59.
Ng3 Rb3 60. Rf5 Nc6 61. Rb6 Nd8 62. Rd6 Ne6 63. Rxf7+ 1-0

[Event "World Blitz Women 2025"]
[Site "Doha QAT"]
[Date "2025.12.30"]
[Round "14.49"]
[White "Olde, Margareth"]
[Black "Rakshitta, Ravi"]
[Result "1-0"]
[WhiteTitle "WIM"]
[BlackTitle "WGM"]
[WhiteElo "2214"]
[BlackElo "2381"]
[WhiteFideId "4503082"]
[BlackFideId "25073230"]
[EventDate "2025.12.29"]

1. d4 Nf6 2. c4 e6 3. Nf3 Nc6 4. g3 Bb4+ 5. Bd2 a5 6. a3 Bxd2+ 7. Qxd2 d6 8. Nc3
Qe7 9. Bg2 e5 10. dxe5 Nxe5 11. Nxe5 dxe5 12. O-O O-O 13. Rfd1 c6 14. Ne4 Nxe4
15. Bxe4 Be6 16. Qc3 Qc5 17. b3 a4 18. b4 Qxc4 19. Qxe5 Rae8 20. Rd4 Qc3 21.
Bxh7+ Kh8 22. Qh5 Qxa1+ 23. Bb1+ Kg8 24. Qh7# 1-0

[Event "World Blitz Women 2025"]
[Site "Doha QAT"]
[Date "2025.12.30"]
[Round "14.50"]
[White "Mamedjarova, Turkan"]
[Black "Krasteva, Beloslava"]
[Result "0-1"]
[WhiteTitle "WGM"]
[BlackTitle "FM"]
[WhiteElo "2216"]
[BlackElo "2339"]
[WhiteFideId "13402005"]
[BlackFideId "2922029"]
[EventDate "2025.12.29"]

1. d4 d6 2. Nf3 Nf6 3. Bf4 Nbd7 4. e3 Nh5 5. Bg3 Nxg3 6. hxg3 g6 7. Bc4 e6 8.
Nbd2 Bg7 9. Qe2 a6 10. Bb3 b5 11. a4 bxa4 12. Bxa4 Bb7 13. e4 O-O 14. c3 Nb6 15.
Bc2 Qe7 16. e5 Nd7 17. Qe3 dxe5 18. Nxe5 c5 19. Nxd7 Qxd7 20. dxc5 Bxg2 21. Rh2
Bc6 22. O-O-O Rab8 23. Nc4 Qb7 24. Rh4 Qb5 25. f3 Bd5 26. Nb6 Rfc8 27. Rdh1 Qxc5
28. Qxc5 Rxc5 29. Nd7 Rcb5 30. Nxb8 Rxb8 31. Rxh7 Bxf3 32. R1h2 Bh5 33. R7xh5
gxh5 34. Rxh5 Bf6 35. Ra5 Rb6 36. g4 Rd6 37. Be4 Bd8 38. Rc5 a5 39. Kc2 Kg7 40.
Rc8 Bb6 41. c4 Be3 42. c5 Rd2+ 43. Kc3 Rd4 44. Bd3 Rd5 45. c6 Rc5+ 46. Kb3 Bf4
47. Ka4 Kf6 48. Bb5 Ke7 49. Kxa5 f5 50. gxf5 exf5 51. Ka6 Bd6 52. Rh8 f4 53.
Rh7+ Kf6 54. Rd7 Be5 55. Kb6 Rc1 56. b3 f3 57. Rd3 f2 58. Rf3+ Ke7 59. Kb7 Rc2
60. Bc4 Kd8 61. Rf8+ Ke7 62. Rf7+ Kd8 63. Rf5 Bd6 64. Rd5 Ke7 65. Rf5 Kd8 66.
Rf7 Be5 67. Bd5 Ke8 68. Rf5 Bd6 69. Rf3 Kd8 70. b4 Bxb4 71. Rxf2 Rc1 72. Rh2 Bd6
73. Rh8+ Ke7 74. Rh7+ Kf6 75. Rd7 Ke5 76. Bf3 Rb1+ 77. Kc8 Rb8# 0-1

[Event "World Blitz Women 2025"]
[Site "Doha QAT"]
[Date "2025.12.30"]
[Round "14.51"]
[White "Lyutsinger, Iren"]
[Black "Aydin, Gulenay"]
[Result "1/2-1/2"]
[WhiteTitle "FM"]
[BlackTitle "WIM"]
[WhiteElo "2169"]
[BlackElo "2259"]
[WhiteFideId "34425969"]
[BlackFideId "34557431"]
[EventDate "2025.12.29"]

1. e4 c5 2. Nf3 d6 3. d4 cxd4 4. Nxd4 Nf6 5. Nc3 g6 6. Be3 Bg7 7. f3 a6 8. Qd2
h5 9. O-O-O b5 10. Kb1 Bb7 11. h4 Nbd7 12. Be2 Rc8 13. a3 Ne5 14. Rhe1 Qc7 15.
f4 Nc4 16. Bxc4 Qxc4 17. e5 dxe5 18. fxe5 Ne4 19. Nxe4 Bxe4 20. Bg5 Bd5 21. b3
Qc5 22. Qb4 Qc7 23. Re2 Rd8 24. e6 f6 25. Bc1 f5 26. Bb2 O-O 27. Red2 Be4 28.
Ka2 Rc8 29. Rc1 Rfd8 30. Nf3 Rxd2 31. Qxd2 Bxb2 32. Kxb2 Bxf3 33. gxf3 Qe5+ 34.
Ka2 Qxe6 35. Re1 Qc6 36. Re2 e6 37. Rg2 Kf7 38. Qh6 e5 39. Qh7+ Kf8 40. Qh8+ Kf7
41. Qxe5 Qf6 42. Qd5+ Kf8 43. Re2 Rd8 44. Qc5+ Kg8 45. Re7 Qd6 46. Re8+ Kf7 47.
Qxd6 Rxd6 48. Ra8 Kf6 49. f4 Ke6 50. c4 bxc4 51. bxc4 Rd4 52. Rxa6+ Kf7 53. Kb3
Rxf4 54. c5 Rf1 55. Kc4 f4 56. Kd4 f3 57. Ke3 Rc1 58. Kxf3 Rxc5 59. a4 Rc4 60.
Kg3 Rg4+ 61. Kh3 Kg7 62. a5 Ra4 63. Kg3 Rg4+ 64. Kh3 Ra4 65. Ra8 Ra3+ 66. Kg2
Ra4 67. Kg3 Ra3+ 68. Kf4 Ra4+ 69. Kg3 Ra3+ 70. Kg2 Ra2+ 71. Kg3 Ra3+ 1/2-1/2

[Event "World Blitz Women 2025"]
[Site "Doha QAT"]
[Date "2025.12.30"]
[Round "14.52"]
[White "Nandhidhaa, P V"]
[Black "Machlik, Monika"]
[Result "1-0"]
[WhiteTitle "WGM"]
[WhiteElo "2257"]
[BlackElo "2084"]
[WhiteFideId "5050847"]
[BlackFideId "1513621"]
[EventDate "2025.12.29"]

1. Nf3 Nf6 2. g3 b5 3. Bg2 Bb7 4. O-O e6 5. d3 c5 6. Nbd2 Be7 7. e4 d6 8. c3 O-O
9. Qe2 a5 10. Nh4 Qb6 11. f4 a4 12. Kh1 b4 13. c4 Nc6 14. Ndf3 Nd7 15. g4 Nd4
16. Qf2 b3 17. a3 Nxf3 18. Bxf3 Nb8 19. g5 Nc6 20. f5 exf5 21. Nxf5 Rae8 22. Qg3
Ne5 23. Bg2 Bc8 24. Bf4 Qc7 25. Rf2 Be6 26. Raf1 Rd8 27. Bd2 Nc6 28. Bc3 Ne5 29.
h4 Rde8 30. h5 Rd8 31. h6 g6 32. Nxe7+ Qxe7 33. Bxe5 dxe5 34. Qxe5 f6 35. Rxf6
Rxf6 36. Rxf6 Rd6 37. Bh3 Rxd3 38. Bxe6+ Kh8 39. Rf8# 1-0

[Event "World Blitz Women 2025"]
[Site "Doha QAT"]
[Date "2025.12.30"]
[Round "14.53"]
[White "Beydullayeva, Govhar"]
[Black "Zherebtsova, Alexandra"]
[Result "0-1"]
[WhiteTitle "WGM"]
[BlackTitle "FM"]
[WhiteElo "2364"]
[BlackElo "2307"]
[WhiteFideId "13413015"]
[BlackFideId "24129518"]
[EventDate "2025.12.29"]

1. d4 Nf6 2. c4 b6 3. Nc3 Bb7 4. Qc2 d5 5. cxd5 Nxd5 6. e4 Nxc3 7. bxc3 e6 8.
Nf3 Be7 9. Bb5+ c6 10. Bd3 c5 11. d5 exd5 12. exd5 Qxd5 13. O-O c4 14. Be2 O-O
15. Rd1 Qc6 16. Bf4 b5 17. a4 a6 18. Qf5 Bf6 19. Rd6 Qc8 20. Rxf6 gxf6 21. Qxf6
Qe6 22. Qg5+ Qg6 23. Qe7 Be4 24. Rd1 Nc6 25. Qc7 Rac8 26. Qb6 b4 27. Rd6 Qf5 28.
Bc1 bxc3 29. Qe3 Bd3 30. Nh4 Qe5 31. Qh6 Bxe2 32. Bf4 Qe4 33. Bg5 Qb1+ 34. Bc1
Rcd8 35. Rxd8 Rxd8 36. Qg5+ Kf8 37. Qh6+ Ke8 38. Qe3+ Kd7 0-1